000 00877nam a2200205 i 4500
001 156771
003 ES-MaACL
005 20230906210507.0
008 000801s1874 fr a |||| | fre d
100 1 _aLaboulaye, Charles (
_d1813-1886 )
_9128548
245 1 0 _aDictionnaire des arts et manufactures et de l'agriculture
_b: description des procédés de l'industrie française et étrangère /
_cpar M. Ch. Laboulaye.
250 _a4ème éd.
260 _aParis :
_bLibrairie du Dictionaire des Arts et Manufactures,
_c1874 (
_fViéville et Capiomont)
300 _a3 v. ;
_c27 cm.
490 1 _aEncyclopédie technologique
650 4 _aTecnología-
_vEnciclopedias.
_9143700
830 0 _aEncyclopédie technologique
_9221717
852 _aES-MaACL
_jG-12253-56
_z- Enc. hol.
_x- Edic.: Hay un t.IV (Complément) de la 4e éd. fechado en 1875
999 _c156771
_d156771